Ciudad a provincia - Castilla-La Mancha - Estadísticas

Estadísticas generales
  • Esta prueba ha sido intentada 267 veces
  • La puntuación promedio es 13 de 19
Estadísticas de respuestas
Hint Respuesta % Correcto
Talavera de la Reina Toledo
90%
Puertollano Ciudad Real
88%
Illescas Toledo
81%
Valdepeñas Ciudad Real
80%
Alcázar de San Juan Ciudad Real
78%
Tarancón Cuenca
77%
Azuqueca de Henares Guadalajara
77%
Hellín Albacete
75%
Almagro Ciudad Real
75%
Almansa Albacete
73%
Villarrobledo Albacete
72%
Tomelloso Ciudad Real
72%
Seseña Toledo
71%
Manzanares Ciudad Real
70%
Sigüenza Guadalajara
63%
Alovera Guadalajara
54%
Alarcón Cuenca
50%
Alcalá del Júcar Albacete
49%
Quintanar del Rey Cuenca
47%
No se encontraron pruebas coincidentes
Distribución de puntuación
Porcentaje de gente con cada puntuación
Porcentaje por número respondido
Historial de tus puntuaciones
No has intentado esta prueba.